Land and Labor in China
Uloženo v:
| Hlavní autor: | |
|---|---|
| Médium: | Kniha |
| Jazyk: | Undetermined |
| Vydáno: |
Boston
Beacon Press
1966
|
| Témata: | |
| Tagy: |
Přidat tag
Žádné tagy, Buďte první, kdo otaguje tento záznam!
|
| Thư viện lưu trữ: | Trung tâm Học liệu Trường Đại học Cần Thơ |
|---|
| LEADER | 00482nam a2200181Ia 4500 | ||
|---|---|---|---|
| 001 | CTU_92089 | ||
| 008 | 210402s9999 xx 000 0 und d | ||
| 082 | |a 330.951 | ||
| 082 | |b T111 | ||
| 100 | |a R. H. Tawney | ||
| 245 | 0 | |a Land and Labor in China | |
| 245 | 0 | |c R. H. Tawney | |
| 260 | |a Boston | ||
| 260 | |b Beacon Press | ||
| 260 | |c 1966 | ||
| 650 | |a Peasantry China,China economic conditios | ||
| 904 | |i Hiếu | ||
| 980 | |a Trung tâm Học liệu Trường Đại học Cần Thơ | ||